000 00454nam a2200145Ia 4500
008 100204s9999 xx 000 0 und d
082 _b25236
100 _aतोरडमल मधुकर
245 _aसमज आणि उमज
260 _b"पद्मगंधा प्रकाशन , पुणे"
_c2002
300 _a182
630 _aसमज आणि उमज
730 _aसमज आणि उमज
942 _cBOOK
999 _c470413
_d470410